Quick Pick: Colorful Authors Quiz Stats

 Plays Quiz Updated Apr 7, 2019

Score 0/10 Timer 01:00
0 Plays Today
% Correct
Brown
93.4%
Golding
85.1%
Silverstein
81.2%
Tan
75.2%
Grey
68.9%
Green
60.1%
White
50.1%
Blackman
42.1%
Redding
32%
Pinkwater
26.5%

Today's Daily Dose

You're not logged in!

Compare scores with friends on all Sporcle quizzes.
OR
Log In

Sporcle TV

Today on Sporcle TV


Watch our educational content, quiz creation guides, and fun videos on Sporcle TV.

Show Comments

Extras

Top Quizzes Today


Score Distribution

Your Account Isn't Verified!

In order to create a playlist on Sporcle, you need to verify the email address you used during registration. Go to your Sporcle Settings to finish the process.

Report this User

Report this user for behavior that violates our Community Guidelines.

Details: